| 000 | 00966nam a22002897a 4500 | ||
|---|---|---|---|
| 003 | CHAP | ||
| 005 | 20220329135235.0 | ||
| 008 | 971013s1984 r 00010 d | ||
| 010 | _a33139 | ||
| 011 | _a34111 | ||
| 035 | _a38227 | ||
| 040 | _cCHAP | ||
| 090 | _aTesis | ||
| 100 | 0 | 0 |
_aElizondo Elizondo, Antonio. _936321 |
| 245 | _aEvaluación del vigor de la semilla en ocho líneas de sorgo para grano (Sorghum bicolor L.) en el municipio de Marín, N.L. | ||
| 260 |
_aMarín, N.L. : _bEl autor, _c1984 |
||
| 300 | _a81 h. | ||
| 502 | _aTesis (Ing. Agr. Esp. en Fitotecnia) -- Univ. Autónoma de Nuevo León. Fac. de Agronomía | ||
| 590 |
_aALEPH _b10 _c20130110 _lUCH01 _h1257 |
||
| 590 |
_aBATCH-UPD _b10 _c20130110 _lUCH01 _h2158 |
||
| 590 |
_aCONVERSION _b10 _c20130109 _lUCH01 _h1319 |
||
| 650 | 1 | 4 |
_aSorgo _xSemilla. _9108720 |
| 650 | 1 | 4 |
_aSorgo _xVariedades. _9108734 |
| 901 | _aBK | ||
| 942 | _cTESIS | ||
| 949 |
_bBC _cTES _d-87367 _eTS1 _h19122 _i38227 _si |
||
| 999 |
_c33139 _d33139 |
||